000 00405nam a22001457a 4500
005 20250724125616.0
008 250724b |||||||| |||| 00| 0 eng d
020 _a031809081655
050 _aREF BS417
_bWIL
100 _aWILLMINGTON L. HAROLD
245 _aWILLMINGTON'S COMPLETE GUIDE BIBLE KNOWLEDGE
260 _aWHEATON
_bTYNDALE HOUSE PUBLISHERS, INC.
_cc1992
300 _a548p
942 _2lcc
_cBK
_n0
999 _c7140
_d7140